Comunidad de pequeños mamíferos y preferencia de hábitat en el parque Nacional Natural Chingaza (<cordillera oriental, Colombia>) (Registro nro. 10491)
[ vista simple ]
| 000 -CABECERA | |
|---|---|
| Campo de control | 006160000a22001690004500 |
| 090 ## - CLASIFICACIÓN LOCAL | |
| Colección | AR |
| Consecutivo | 01407 |
| 041 0# - IDIOMA | |
| Código de idioma para texto/pista de sonido o título separado | |
| 100 1# - ASIENTO PRINCIPAL--NOMBRE PERSONAL | |
| Nombre personal | Valbuena López, María Saralux |
| 245 10 - MENCION DE TITULO | |
| Título | Comunidad de pequeños mamíferos y preferencia de hábitat en el parque Nacional Natural Chingaza (<cordillera oriental, Colombia>) |
| 650 14 - ASIENTO SECUNDARIO DE MATERIA - TERMINO TEMATICO | |
| Término temático o nombre geográfico como elemento de entrada | Páramos |
| 650 14 - ASIENTO SECUNDARIO DE MATERIA - TERMINO TEMATICO | |
| Término temático o nombre geográfico como elemento de entrada | Hábitat animal |
| 650 14 - ASIENTO SECUNDARIO DE MATERIA - TERMINO TEMATICO | |
| Término temático o nombre geográfico como elemento de entrada | Ecología de poblaciones |
| 650 14 - ASIENTO SECUNDARIO DE MATERIA - TERMINO TEMATICO | |
| Término temático o nombre geográfico como elemento de entrada | Dinámica poblacional |
| 651 #4 - ASIENTO SECUNDARIO DE MATERIA - NOMBRE GEOGRAFICO | |
| -- | Parque Nacional Natural Chingaza |
| -- | Cundinamarca |
| -- | Colombia |
| 773 1# - Item fuente: | |
| Título | Preprint |
| Especificación de materiales | 3 |
| Paginas del Articulo | 1-26 |
| Lugar, editorial y fecha de publicación | 1995? |
| 942 ## - ELEMENTOS ADICIONALES (KOHA) | |
| Tipo de ítem | Artículo |
| Withdrawn status | Lost status | Damaged status | No para préstamo | Colección | Ubicación Permanente | Ubicación actual | Fecha de adquisición | Datos de publicación Seriada | Total Checkouts | Número topográfico | Inventario / Código de Barras | Date last seen | Ejemplar | Price effective from | Forma de adquisición | Tipo de material |
|---|---|---|---|---|---|---|---|---|---|---|---|---|---|---|---|---|
| No para Préstamo | Hemeroteca | Bogotá | Bogotá | 27/02/2015 | Fuera de circulación | AR 01407 | 011762 | 25/03/2015 | 1 | 25/03/2015 | Artículo |